• 首页
  • 本馆介绍
  • 公告通知
  • 最新文献
  • 馆藏检索
  • 电子资源
  • 读者导购
  • 参考咨询
  • 我的图书馆
  • 登录
  • 详细信息显示
  • 放入我的书架
  • 预约/预借图书
  • 作者相关作品
  • 分类相关作品
  • 丛书相关作品
  • 出版社相关作品

书目信息

  • 表格格式
  • 工作单格式
  • 卡片格式
题名:
销售要懂客户心理学
    
 
作者: 文竹 著
分册:  
出版信息: 北京   中国商业出版社  2018
页数: 224页
开本: 24cm
丛书名:
单 册:
中图分类: F713.55-49
科图分类:
主题词: 销售--商业心理学--通俗读物
电子资源:
ISBN: 978-7-5044-9852-6
000 00908nam0 2200241 45
001 012001000575
005 20140920091302.0
010    @a978-7-5044-9852-6@dCNY38.00
100    @a20180217d2018 em y0chiy50 ea
101 0  @achi
102    @aCN@b110000
105    @ay z 000yy
106    @ar
200 1  @a销售要懂客户心理学@9Xiao Shou Yao Dong Ke Hu Xin Li Xue@f文竹著
210    @a北京@c中国商业出版社@d2018
215    @a224页@d24cm
314    @a文竹,心理咨询师,企业团队培训专家,代表作《情商高的人会说话》、《销售攻心术》等。
330    @a本书针对客户心理,从理念、心态、方法三个方面为销售人员提供了有效的应对之策,深入系统地解读了黑羊效应、破窗效应、鲶鱼效应、囚徒效应、共生效应、马太效应等15个销售博弈中的心理策略。
606 0  @a销售@x商业心理学@j通俗读物
690    @aF713.55-49@v5
701  0 @a文竹@9Wen Zhu@4著
801  0 @aCN@b上海新华@c20180901
905    @b1150822-26@dF713.55@e1018@f5
    
    销售要懂客户心理学/文竹著.-北京:中国商业出版社,2018
    224页;24cm
    
    
    ISBN 978-7-5044-9852-6:CNY38.00
    本书针对客户心理,从理念、心态、方法三个方面为销售人员提供了有效的应对之策,深入系统地解读了黑羊效应、破窗效应、鲶鱼效应、囚徒效应、共生效应、马太效应等15个销售博弈中的心理策略。
●
相关链接 在E读中查询图书 在五车中查询图书 在当当中查询图书 在豆瓣中查询图书


正题名:销售要懂客户心理学     索取号:F713.55/1018         预约/预借

序号 登录号 条形码 馆藏地/架位号 状态 备注
1 1150822   211508224   第一样本阅览室/ [索取号:F713.55/1018] 在馆    
2 1150823   211508233   第一借阅区/ [索取号:F713.55/1018] 在馆    
3 1150824   211508242   第一借阅区/ [索取号:F713.55/1018] 在馆    
4 1150825   211508251   第一借阅区/ [索取号:F713.55/1018] 在馆    
5 1150826   211508260   经管系资料室/ [索取号:F713.55/1018] 在馆    
唐山师范学院图书馆 欢迎您!
大连网信软件有限公司© 版权所有